Fletcher fill in the lyric blank - Girl of my dreams album - Statistics

General Stats
  • This quiz has been taken 27 times
  • The average score is 26 of 54
Answer Stats
Hint Answer % Correct
She ____ emoji, wow flame
89%
I love you, ____ bitch
84%
I wake up puttin' _____ on a sad face makeup
79%
I don't miss the ____ taste (sweet life) bitter
68%
So, if you're gonna ____ lie
68%
And I'll ____ a glass while I toast to myself raise
68%
Fucked up, made a couple ___ ____ sex tapes
68%
Helped me with the ____ I was makin' career
63%
And I fixed your ____, but mine still hurts heart
63%
But I want somebody to ____ hold
63%
Why am I still ___ __ on things? hung up
63%
If I were you I'd probably ____ ___ keep her
63%
Do you use the ___, the ones we learned? moves
63%
And honestly, your ____ ______ should thank me new girlfriend
63%
Someone new riding ____ shotgun
63%
'Cause Becky's so hot in your ____ ____ vintage t-shirt
63%
Rub your chest when you're ____ anxious
58%
I'm a ___ ____ and nothin' can scare me bad bitch
58%
And now some other person, is gonna get the ____ _____ better version
58%
Saw you walking ____ sideways
58%
Do it in my ___ bed
53%
We found out we were ____ on the same day born
53%
That you're more ______, motivated confident
53%
I'm on a ______ number four heartbreak
53%
And mine looks ____ on the cake lonely
53%
Makin' me fell I'm ___ ____ enough not good
53%
But I wanna know how she ____ tastes
53%
We don't know what we want but ___ we want it God
47%
My friends think I'm ____ I'm showing up to parties unannounced homeless
47%
What you gonna put on your ___ on now at midnight? lips
47%
And it hits me like a _____ in my heart again missile
47%
And I'm going back to the ___ ____ shore New Jersey
47%
I haven't been on a ____ this year but plane
47%
I've been _____ so I'm gonna speak my mind drinkin'
42%
Left me ____ and lonely in New York emptier
42%
So I'll say _____ to the hard times farewell
42%
Good ___ or bad ___ girl
42%
So many ____ ___ ___ ____ girl of my dreams
42%
A ____ for the fuck me up sucker
42%
I there's ___ in my pockets holes
37%
I _____, I underplay overlove
37%
And I'm constantly datin', 'cause I crave _____ validation
37%
The only ____ that I know Heaven
32%
______, but not enough Sensitive
32%
I went and _____ her stalked
32%
And she's the _____ I need to taste freedom
26%
I've had to get ____ and hang out with me instead along
21%
I make things _____ for myself complicated
21%
Hold on tight when the ____ gets hard world
21%
Maybe I'm living for the _____ of the fall danger
16%
Wanna dress up to ___ for a day, for the thrill kill
16%
I had to find my way ___ out
16%
To the _____ and traumas changes
11%
I was keepin' in a ____ closet
11%
No matching quizzes found
Score Distribution
Percent of People with Each Score
Percentile by Number Answered
Your Score History
You have not taken this quiz